00409nam a2200181Ia 4500003000400000005001700004006001900021007000300040008004100043024001000084037001200094040002000106041001300126082002300139100001900162245003700181260000900218OSt20220928150214.0a|||||r|||| 00| 0 ta220927b |||||||| |||| 00| 0 eng d a89018 cTextual aSDCLcSDCLbeng 2engaeng aO15,1D40:g(NR), N9 aSahaye Jagdish 0aKalidasa - sangeet - vaijayanti. c1999